Carregant...

Transportation of agriculture and environment in wayanad (1800- 2013) /

Dades bibliogràfiques
Autor principal: Anoop Thankachan K.
Format: Ph.D Thesis
Idioma:English
Publicat: 2020.
Matèries:
LEADER 00729nam a22001817a 4500
008 210208b ||||| |||| 00| 0 eng d
082 |a 072 
100 |a Anoop Thankachan K. 
245 |a Transportation of agriculture and environment in wayanad (1800- 2013) /  |c Anoop Thankachan K. 
260 |c 2020. 
300 |b 340p. 
502 |a Thesis (Ph. D.)--Department of History, University of Calicut 
504 |a Includes bibliographical references  
653 |a History,  |a Agrarian migration  |a Land scape of Wayanad 
796 |a Mujeebu Rehinman M.P  |c Dr.  |e Thesis advisor. 
942 |c TH 
999 |c 354948  |d 354948 
952 |0 0  |1 0  |4 0  |6 072_000000000000000_ANO_T  |7 0  |9 411801  |a HIS  |b HIS  |c REF  |d 2021-02-08  |i NB578  |o 072 ANO/T  |p HISNB578  |r 2021-02-08  |y TH